[Event "Online Olym Div4 C"]
[Site "Chess.com INT"]
[Date "2021.08.21"]
[Round "4.5"]
[White "Rashid, Mansour Sharif"]
[Black "Mooney, Graham"]
[Result "0-1"]
[WhiteElo "1672"]
[BlackElo "1896"]
[PlyCount "82"]
[EventDate "2021.08.20"]
[EventType "team (rapid)"]
[EventRounds "11"]
[EventCountry "USA"]
[SourceTitle "CBM 203 Extra"]
[Source "ChessBase"]
[SourceDate "2021.09.30"]
[SourceVersion "1"]
[SourceVersionDate "2021.09.30"]
[SourceQuality "1"]
[WhiteTeam "Tanzania"]
[BlackTeam "Jersey"]
[WhiteTeamCountry "TAN"]
[BlackTeamCountry "GCI"]

1. e4 c5 2. Nf3 d6 3. d4 cxd4 4. Nxd4 Nf6 5. Nc3 a6 6. Bc4 e6 7. Bg5 Be7 8. Qe2 Nxe4 9. Bxe7 Nxc3 10. Qg4 Qxe7 11. Qxg7 Rf8 12. bxc3 Qc7 13. Bxe6 Qxc3+ 14. Ke2 Bxe6 15. Nxe6 Qxc2+ 16. Kf1 fxe6 17. f3 Nd7 18. Re1 e5 19. h4 Qg6 20. Qxg6+ hxg6 21. Rd1 Ke7 22. h5 Rh8 23. h6 Rac8 24. g4 Rc2 25. g5 Rxa2 26. Rc1 b5 27. Rc6 b4 28. Kg1 b3 29. Rc1 a5 30. Rh2 Rxh2 31. Kxh2 a4 32. Kg2 a3 33. Kg3 b2 34. Rb1 a2 35. Rxb2 a1Q 36. Re2 Qg1+ 37. Rg2 Qe3 38. Kg4 Qf4+ 39. Kh3 Qxf3+ 40. Rg3 Qh1+ 41. Kg4 Qh5# 0-1

[Event "TAN-ch op"]
[Site "Dar es Salaam"]
[Date "2019.11.01"]
[Round "2"]
[White "Singe, Phillip Mbawala"]
[Black "Rashid, Mansour Sharif"]
[Result "1-0"]
[WhiteElo "1872"]
[BlackElo "1599"]
[PlyCount "105"]
[EventDate "2019.11.01"]
[EventType "swiss"]
[EventRounds "6"]
[EventCountry "TAN"]
[SourceTitle "EXT 2021"]
[Source "ChessBase"]
[SourceDate "2020.10.23"]
[SourceVersion "1"]
[SourceVersionDate "2020.10.23"]
[SourceQuality "1"]

1. e4 c5 2. Nf3 d6 3. d4 cxd4 4. Nxd4 Nf6 5. Nc3 g6 6. Be3 Bg7 7. f3 Nc6 8. Qd2 a5 9. 0-0-0 0-0 10. Ndb5 Bd7 11. Bh6 Qb6 12. h4 Ne5 13. h5 Nxh5 14. Rxh5 gxh5 15. Qg5 Ng6 16. Bxg7 Kxg7 17. Qxh5 Bxb5 18. Bxb5 Qe3+ 19. Kb1 Qh6 20. Qd5 b6 21. Qd4+ Kg8 22. Qxb6 Qf4 23. Qf2 Rab8 24. a4 Rfc8 25. g3 Qe5 26. Rd5 Qf6 27. f4 e5 28. Qd2 exf4 29. Rxd6 Rd8 30. Rxf6 Rxd2 31. gxf4 Kg7 32. Rf5 Rf2 33. Nd5 Rc8 34. Bd3 Rc5 35. Rg5 h6 36. Rg3 Kf8 37. Rh3 Nxf4 38. Nxf4 Rxf4 39. Rxh6 Kg7 40. Rb6 Rg5 41. Rb5 Rxb5 42. axb5 Rf6 43. Ka2 Rb6 44. Ka3 Rb8 45. Ka4 Ra8 46. c4 Kf6 47. b6 Ke6 48. Kb5 a4 49. c5 a3 50. Bc4+ Ke7 51. bxa3 Rxa3 52. b7 Ra1 53. Kc6 1-0